Code des 50 états américains - Statistiques

Statistiques générales
  • Ce quiz a été pris 251 fois
  • Le résultat moyen est 28 sur 50
Statistiques - réponses
Hint Réponse % Correct
AL alabama
96%
CA californie
86%
FL floride
86%
AZ arizona
83%
AR arkansas
81%
CO colorado
77%
IL illinois
77%
ID idaho
76%
KS kansas
75%
NY new york
74%
DE delaware
73%
IN indiana
73%
AK alaska
71%
CT connecticut
69%
KY kentucky
66%
GA georgie
65%
NJ new jersey
65%
NV nevada
64%
HI hawai
63%
IA iowa
61%
OH ohio
61%
TX texas
61%
OK oklahoma
60%
MN minnesota
59%
OR oregon
58%
UT utah
58%
NH new hampshire
55%
LA louisiane
54%
MT montana
51%
NM nouveau mexique
51%
VT vermont
47%
MI michigan
46%
TN tennessee
46%
ME maine
44%
MD maryland
44%
NC caroline du nord
42%
WA washington
42%
WY wyoming
42%
NE nebraska
41%
MS mississippi
40%
SC caroline du sud
37%
ND dakota du nord
37%
MA massachusetts
37%
WI wisconsin
36%
SD dakota du sud
35%
MO missouri
35%
PA pennsylvanie
35%
RI rhode island
35%
VA virginie
35%
WV virginie occidentale
22%
Aucun quiz correspondant
Distribution des résultats
% des personnes avec chaque résultat
Percentile par nombre de réponses
Votre historique - résultats
Vous n’avez pas pris ce quiz